| 000 | 00844nam a22002412 4500 | ||
|---|---|---|---|
| 001 | 0000019031 | ||
| 005 | 20151217154425.0 | ||
| 008 | 100901s xx 000 0 eng d | ||
| 020 | _a0071276084 : | ||
| 040 |
_aKABU _cKABU |
||
| 100 | 1 |
_aPhatak, Arvind V. _@0000178579 |
|
| 245 | 1 | 0 |
_aInternational management : _bmanaging in a diverse and dynamic global environment / _cArvind V. Phatak, Rabi S. Bhagat, Roger J. Kashlak. |
| 250 | _a2nd ed. | ||
| 260 |
_aBoston : _bMcGraw-Hill, _c2009. |
||
| 300 | _axviii, 540 p. | ||
| 650 | 0 |
_aInternational business enterprise _xManagement. _@0000150909 |
|
| 650 | 0 |
_aIndustrial management. _@0000149957 |
|
| 700 | 1 |
_aBhagat, Rabi S. _@0000178580 |
|
| 700 | 1 |
_aKashlak, Roger J. _@0000178581 |
|
| 852 | 1 | _9p2520 KES | |
| 908 | _a100901 | ||
| 950 | _@1 | ||
| 999 |
_c11197 _d11197 |
||